US City Flags - Statistics

General Stats
  • This quiz has been taken 101 times
  • The average score is 15 of 30
Answer Stats
Flag City % Correct
Chicago
77%
New York
72%
Washington DC
71%
New Orleans
69%
Baltimore
65%
Denver
65%
Los Angeles
65%
Phoenix
65%
San Francisco
62%
Philadelphia
57%
Detroit
55%
Indianapolis
55%
Miami
54%
Portland
54%
San Antonio
54%
Seattle
54%
Dallas
52%
Jacksonville
49%
Houston
45%
Boston
38%
Atlanta
37%
Las Vegas
35%
San Diego
35%
Honolulu
29%
Memphis
29%
San Jose
29%
Louisville
28%
Nashville
23%
El Paso
22%
Oklahoma City
18%
No matching quizzes found
Score Distribution
Percent of People with Each Score
Percentile by Number Answered
Your Score History
You have not taken this quiz